| 000 | 00478cam a2200205ua 4500 | ||
|---|---|---|---|
| 001 | 8801 | ||
| 005 | 20260515114359.0 | ||
| 008 | 150214n ii |||gr||||Z||||||eng | ||
| 020 | _a0521057051 | ||
| 040 | _cMAIN | ||
| 041 | _aeng | ||
| 082 | _a800 | ||
| 100 |
_aMayhead, R., _eAuthor. |
||
| 245 |
_aUnderstanding literature _cBy Robin Mayhead |
||
| 250 | _a1st. | ||
| 260 |
_aLondon: _bCambridge, _c2001. |
||
| 300 | _a198p. | ||
| 653 | _aLiterature & rhetoric | ||
| 942 | _cBK | ||
| 999 |
_c7889 _d7889 |
||